Tìm hiểu bản sắc văn hoá qua lễ hội truyền thống người Việt

Nội dung cuốn sách là chuyên luận khảo cứu về bản sắc văn hoá theo tiến trình văn hoá lễ hội của người Việt. Lớp văn hóa bản địa - nền tảng của bản sắc văn hóa qua lễ hội. Lớp giao lưu văn hóa với Phật giáo trong bản sắc văn hóa - l...

Volledige beschrijving

Bewaard in:
Bibliografische gegevens
Hoofdauteur: Nguyễn, Quang Lê
Formaat: Boek
Taal:Undetermined
Gepubliceerd in: Hà Nội Mỹ Thuật 2017
Onderwerpen:
Tags: Voeg label toe
Geen labels, Wees de eerste die dit record labelt!
Thư viện lưu trữ: Trung tâm Học liệu Trường Đại học Cần Thơ
LEADER 01213nam a2200205Ia 4500
001 CTU_226743
008 210402s9999 xx 000 0 und d
082 |a 394.269597 
082 |b L250 
100 |a Nguyễn, Quang Lê 
245 0 |a Tìm hiểu bản sắc văn hoá qua lễ hội truyền thống người Việt 
245 0 |c Nguyễn Quang Lê 
260 |a Hà Nội 
260 |b Mỹ Thuật 
260 |c 2017 
520 |a Nội dung cuốn sách là chuyên luận khảo cứu về bản sắc văn hoá theo tiến trình văn hoá lễ hội của người Việt. Lớp văn hóa bản địa - nền tảng của bản sắc văn hóa qua lễ hội. Lớp giao lưu văn hóa với Phật giáo trong bản sắc văn hóa - lễ hội chùa. Lớp giao lưu văn hóa với Đạo giáo trong bản sắc văn hóa - lễ hội thờ các vị thánh bất tử và đức Thánh Trần. 
650 |a Folk festivals Vietnam,Lễ hội dân gian Việt Nam 
904 |i Nhi 
910 |b dqhieu 
980 |a Trung tâm Học liệu Trường Đại học Cần Thơ